00511nam a2200181Ia 4500003000400000005001700004008004100021020002200062040000700084041000800091082002300099100002900122245008000151260004500231300001600276365001300292650002400305OSt20230429122708.0210423s2013 xx 000 0 und d a978-0-19-807545-5 cAL aeng a332.042 223bSIKO aSIKDAR (Soumyen (Sikdar) aOxford India short introduction: capital flows and exchange rate management aNew DelhibOxford University Pressc2013 axiv,135bPB b235cINR aFinancial Economics